Missing Word: #1 Singles of the '80s Quiz Stats

 Plays Quiz Updated Sep 7, 2012

Support Sporcle.
Go Orange.
Score 0/24 Timer 03:00
0 Plays Today
Hint Answer % Correct
Crazy Little Thing Called ____Love
99.5%
Eye of the ____Tiger
97.7%
I Love ____ 'n' RollRock
97.5%
____ or Without YouWith
94.5%
Don't ____, Be HappyWorry
92.9%
Every ____ You TakeBreath
92.7%
Like a ____Virgin
92%
Wake Me Up ____ You Go-GoBefore
92%
Every Rose Has Its ____Thorn
91.8%
____ to 59
91.6%
____ Are the WorldWe
90.4%
We Didn't ____ the FireStart
90.1%
Hint Answer % Correct
____ on a PrayerLivin'
89.1%
____ Dreams (Are Made of This)Sweet
88.5%
Walk Like an ____Egyptian
87.3%
Jessie's ____Girl
86.4%
Another ____ in the Wall, Part IIBrick
85.3%
____ Doves CryWhen
85.3%
Man in the ____Mirror
84.5%
____ ColorsTrue
72.6%
____ for NothingMoney
63.2%
It's ____ Rock and Roll to MeStill
56.1%
Rock Me ____Amadeus
52.2%
Miss You ____Much
28.3%

Today's Daily Dose

You're not logged in!

Compare scores with friends on all Sporcle quizzes.
OR
Log In
Forgot?

From the Vault

MLB Most Career Grand Slams

by Johnny_Edman

Sports 8m
This is the best way to ruin a pitcher's day.
Remove Ads.
Support Sporcle.
Get the best of Sporcle when you Go Orange. This ad-free experience offers more features, more stats, and more fun while also helping to support Sporcle. Thank you for becoming a member.

Show Comments

Extras

Top Quizzes Today


Score Distribution

Your Account Isn't Verified!

In order to create a playlist on Sporcle, you need to verify the email address you used during registration. Go to your Sporcle Settings to finish the process.

Report this User

Report this user for behavior that violates our Community Guidelines.

Details: